000 00506nam a2200157 a 4500
001 000029217
005 20200930055414.0
008 110414s1982 dr 000 0 spa d
040 _aDO-SdBNP
_bspa
_cBNPHU
082 _axxxx
_bV598d
100 1 _aViña Román, Jaime A.
_956114
245 1 0 _aDiscurso pronunciado en el acto de investidura celebrado el 21 de abril de 1982.
260 _aSanto Domingo :
_bUniversidad Nacional Pedro Henríquez Ureña,
_c1982.
300 _a12 p. ;
_c22 cm.
049 _aBNPD
999 _c28709
_d28709